How Much Do You Know About English? - Statistics

General Stats
  • This quiz has been taken 114 times
  • The average score is 6 of 11
Answer Stats
Question Answer % Correct
What language family does English belong to? Germanic
82%
All people in the world who perform these jobs MUST speak some English. Air Traffic Controllers and Commercial Pilots
74%
After the U.S. which country is home to the most English speakers? India
67%
What language did English directly derive from? Anglo-Frisian
64%
Approximately how many people speak English In the world? 1.5 billion
61%
In which of these countries is English NOT the official language? The United States
56%
How many English dialects are spoken in the U.S.? 24
50%
How many sovereign countries have English as an official language? 55
50%
In its earliest known written record, the English alphabet had how many letters? 29
41%
How often is a new word is added to the dictionary? Every two hours
18%
What percentage of countries in the world teach English? 100%
10%
No matching quizzes found
Score Distribution
Percent of People with Each Score
Percentile by Number Answered
Your Score History
You have not taken this quiz